| 000 | 00345nam a2200097Ia 4500 | ||
|---|---|---|---|
| 082 | _aR 746.443 ALFO | ||
| 245 | 0 | _aThree men named Matthews : memories of the golden age of South African distance running and its aftermath | |
| 100 |
_a Mayer, Richard Johannesburg, 2009 _979808 |
||
| 942 | _cBK | ||
| 008 | 210817s9999 xx 000 0 und d | ||
| 999 |
_c278959 _d278958 |
||